Control and the Psychology of health (Record no. 19133)

MARC details
000 -LEADER
fixed length control field 00470nam a22001697a 4500
008 - FIXED-LENGTH DATA ELEMENTS--GENERAL INFORMATION
fixed length control field 211122b |||||||| |||| 00| 0 eng d
020 ## - INTERNATIONAL STANDARD BOOK NUMBER
International Standard Book Number 0335202640
050 ## - LIBRARY OF CONGRESS CALL NUMBER
Classification number R726.5 .W35 2001 C.1
100 ## - MAIN ENTRY--PERSONAL NAME
Personal name Walker, Jan
245 ## - TITLE STATEMENT
Title Control and the Psychology of health
260 ## - PUBLICATION, DISTRIBUTION, ETC. (IMPRINT)
Place of publication, distribution, etc. Buckingham
Name of publisher, distributor, etc. OUP
Date of publication, distribution, etc. 2001
300 ## - PHYSICAL DESCRIPTION
Extent x, 256p
650 ## - SUBJECT ADDED ENTRY--TOPICAL TERM
Topical term or geographic name as entry element Health psychology
650 ## - SUBJECT ADDED ENTRY--TOPICAL TERM
Topical term or geographic name as entry element Control psychology
Form subdivision Health aspects
650 ## - SUBJECT ADDED ENTRY--TOPICAL TERM
Topical term or geographic name as entry element Mind and body
Form subdivision Health aspects
942 ## - ADDED ENTRY ELEMENTS (KOHA)
Source of classification or shelving scheme Library of Congress Classification
Koha item type General Collection
Holdings
Withdrawn status Lost status Source of classification or shelving scheme Not for loan Home library Current library Date acquired Cost, normal purchase price Total Checkouts Full call number Barcode Date last seen Price effective from Koha item type
    Library of Congress Classification   Kabarak, Main Campus Kabarak, Main Campus 22/11/2021 7277.00   R726.5 .W35 2001 C.1 031310 22/11/2021 22/11/2021 General Collection
    Library of Congress Classification   Kabarak, Main Campus Kabarak, Main Campus 22/11/2021 7277.00   R726.5 .W35 2001 C.2 031311 22/11/2021 22/11/2021 General Collection
Designed with assistance from East African Informatics Ltd